[Event "KEN-chT"]
[Site "Nairobi"]
[Date "2019.11.09"]
[Round "27.2"]
[White "Gaku, David"]
[Black "Macharia, Felix"]
[Result "1-0"]
[WhiteElo "1515"]
[BlackElo "1638"]
[PlyCount "121"]
[EventDate "2019.02.09"]
[EventType "team-tourn"]
[EventRounds "27"]
[EventCountry "KEN"]
[SourceTitle "CBM 192 Extra"]
[Source "Chessbase"]
[SourceDate "2019.11.06"]
[SourceVersion "1"]
[SourceVersionDate "2019.11.06"]
[SourceQuality "1"]
[WhiteTeam "Kenyatta University"]
[BlackTeam "Jomo Kenyatta University"]
[WhiteTeamCountry "KEN"]
[BlackTeamCountry "KEN"]

1. d4 Nf6 2. c4 e6 3. Nf3 d5 4. Nc3 Be7 5. Bg5 b6 6. cxd5 Nxd5 7. Bxe7 Nxe7 8. Rc1 0-0 9. e3 Bb7 10. Be2 Nd7 11. 0-0 Rc8 12. Nb5 a6 13. Nc3 Ng6 14. a3 Nf6 15. b4 Nd5 16. Qc2 Nxc3 17. Qxc3 Qd5 18. Qc4 Qe4 19. Qd3 Qg4 20. h3 Qf5 21. Qxf5 exf5 22. Rc3 Rfe8 23. Rfc1 Re7 24. Nd2 Nh4 25. g3 Ng6 26. Bf3 Bxf3 27. Nxf3 f6 28. Nd2 Kf7 29. Nc4 Rb8 30. Kg2 Rd7 31. Nd2 Rb7 32. Rc6 Ne7 33. R6c2 Ke6 34. g4 Nc8 35. Kf3 Nd6 36. Rc6 Ke7 37. a4 fxg4+ 38. hxg4 Nf7 39. Kf4 Ng5 40. Kg3 Ne6 41. f4 Rd6 42. R6c3 Rd7 43. Kf3 g6 44. Rh1 Kf8 45. Ne4 Kg7 46. Rxh7+ Kxh7 47. Nxf6+ Kg7 48. Nxd7 Kf7 49. Ne5+ Kg7 50. Rc6 Nf8 51. f5 gxf5 52. gxf5 Nh7 53. Ng4 Ng5+ 54. Kf4 Nf7 55. e4 Ra7 56. e5 Nd8 57. Rg6+ Kf8 58. e6 Rb7 59. Nh6 Rb8 60. f6 Rc8 61. Rg8# 1-0

[Event "KEN-chT"]
[Site "Nairobi"]
[Date "2019.04.14"]
[Round "12.2"]
[White "Lwanga, Aguda"]
[Black "Gaku, David"]
[Result "1-0"]
[WhiteElo "1331"]
[BlackElo "1515"]
[PlyCount "107"]
[EventDate "2019.02.09"]
[EventType "team-tourn"]
[EventRounds "27"]
[EventCountry "KEN"]
[SourceTitle "CBM 192 Extra"]
[Source "Chessbase"]
[SourceDate "2019.11.06"]
[SourceVersion "1"]
[SourceVersionDate "2019.11.06"]
[SourceQuality "1"]
[WhiteTeam "Nacha Kings"]
[BlackTeam "Kenyatta University"]
[WhiteTeamCountry "KEN"]
[BlackTeamCountry "KEN"]

1. e4 c5 2. Nf3 d6 3. d4 cxd4 4. Nxd4 Nf6 5. Nc3 a6 6. f3 e6 7. Be3 Be7 8. Qd2 Nc6 9. Be2 Bd7 10. a3 Rc8 11. 0-0 Ne5 12. Rad1 0-0 13. Kh1 b5 14. Bd3 Nc4 15. Bxc4 Rxc4 16. Bg5 Bc8 17. Nb3 Bb7 18. Rfe1 Qc7 19. Re3 h6 20. Bxf6 Bxf6 21. Qxd6 Qxd6 22. Rxd6 Rfc8 23. e5 Bg5 24. Red3 Bf4 25. Na5 R4c7 26. Nxb7 Rxb7 27. Rd8+ Rxd8 28. Rxd8+ Kh7 29. Nd1 Bxe5 30. g3 Rc7 31. c3 Rc5 32. Kg2 Kg6 33. f4 Bf6 34. Rd6 a5 35. Kf3 b4 36. axb4 axb4 37. Rd3 bxc3 38. bxc3 Rc4 39. g4 Rc5 40. h3 Kh7 41. Ke4 Kg6 42. Rf3 Rc4+ 43. Kd3 Rc5 44. c4 Kh7 45. Rf2 g6 46. Rc2 Kg7 47. Nc3 Bxc3 48. Rxc3 Kf6 49. Kd4 Rc6 50. c5 Ke7 51. Rb3 f6 52. Rb7+ Kd8 53. Rh7 Rc7 54. Rxh6 1-0